000 00811nam a2200265 a 4500
001 37595
003 BD-RjUL
005 20211209052627.0
008 990113r19961990ilua d 000 0 eng d
020 _a1579580769
035 _a(BD-RjUL)
035 _a(OCoLC)40070946
040 _aUCS
_cUCS
_dDLC
_beng
041 _aeng
082 0 0 _a630.3
_221
245 0 0 _aDictionary of agriculture /
_ceditor, Alan Stephens.
260 _aNew Delhi :
_bUniversal Book Stall,
_cc1990 {reprinted 1996].
300 _a277 p. :
_bill. ;
_c22 cm.
650 0 _aAgriculture
_vDictionaries.
_9115524
700 1 _aStephens, Alan,
_d1927-
_9115525
856 4 2 _3Publisher description
_uhttp://www.loc.gov/catdir/enhancements/fy0653/99161557-d.html
942 _2ddc
_cBK
999 _c37595
_d37595